[Event "C.to Italiano di Categoria B"]
[Site "Civitanova Marche ITA"]
[Date "2012.07.16"]
[Round "2"]
[White "Coqueraut, Jean Dominique"]
[Black "Simeone, Giulio"]
[WhiteElo "1809"]
[BlackElo "1984"]
[Result "1-0"]
[PlyCount "89"]
[EventDate "2012.07.15"]

1. d4 g6 2. e4 c6 3. Nc3 d5 4. exd5 cxd5 5. Nf3 Bg7 6. Bb5+ Bd7 7. O-O Bxb5 8.
Nxb5 Qd7 9. Qe2 a6 10. Nc3 Nf6 11. Re1 Nc6 12. Bg5 O-O 13. Rad1 h6 14. Bc1 Qc7
15. a3 e6 16. Na4 Ne4 17. c4 b5 18. cxd5 exd5 19. Nc5 Nxd4 20. Rxd4 Bxd4 21.
Nxe4 Rfe8 22. Nxd4 Rxe4 23. Qd1 Rae8 24. Rxe4 Rxe4 25. Nf3 Kh7 26. Be3 Rc4 27.
g3 Rc2 28. Qd4 Qd7 29. Bxh6 f6 30. Be3 Qf5 31. Qa7+ Kg8 32. Nd4 Qg4 33. Nxc2
Qd1+ 34. Kg2 Qxc2 35. Qa8+ Kg7 36. Qxd5 Qxb2 37. Qd7+ Kg8 38. Qe6+ Kg7 39. Qxa6
Qe5 40. Qb7+ Kg8 41. Bh6 f5 42. Bf4 Qc5 43. Bh6 Qe5 44. Be3 Kf8 45. Qc8+ 1-0

[Event "C.to Italiano di Categoria B"]
[Site "Civitanova Marche ITA"]
[Date "2012.07.16"]
[Round "2"]
[White "Coronel, Joshua"]
[Black "Miandro, Roberto"]
[WhiteElo "1799"]
[BlackElo "2093"]
[Result "1/2-1/2"]
[PlyCount "79"]
[EventDate "2012.07.15"]

1. e4 c5 2. Nf3 d6 3. d4 cxd4 4. Nxd4 Nf6 5. Nc3 a6 6. f3 g6 7. Be3 Bg7 8. Qd2
Nc6 9. Bc4 Qc7 10. O-O-O Ne5 11. Bb3 Bd7 12. h4 Nc4 13. Bxc4 Qxc4 14. g4 Be6
15. Nxe6 Qxe6 16. g5 Nh5 17. Nd5 O-O 18. Bd4 Rac8 19. Bxg7 Kxg7 20. Kb1 Rc5 21.
Qd4+ Kg8 22. e5 Re8 23. Rhe1 Qf5 24. Rd3 Rxd5 25. Qxd5 Nf4 26. Qe4 Qxe4 27.
Rxe4 Nxd3 28. cxd3 dxe5 29. Rxe5 e6 30. Rc5 Re7 31. Kc2 Rd7 32. Kc3 Kg7 33. d4
h6 34. a4 hxg5 35. hxg5 Kf8 36. Kc4 Ke7 37. d5 e5 38. d6+ Ke6 39. Rc7 Rxd6 40.
Rxb7 1/2-1/2

[Event "C.to Italiano di Categoria B"]
[Site "Civitanova Marche ITA"]
[Date "2012.07.16"]
[Round "2"]
[White "De Grandi, Samuele"]
[Black "Teutsch, Alexander"]
[WhiteElo "1655"]
[BlackElo "2089"]
[Result "1/2-1/2"]
[PlyCount "73"]
[EventDate "2012.07.15"]

1. c4 g6 2. g3 Bg7 3. Bg2 c5 4. Nc3 Nc6 5. e4 e6 6. Nge2 Nge7 7. a3 O-O 8. O-O
d6 9. Rb1 b6 10. b4 Bb7 11. d3 Qd7 12. Be3 Nd4 13. Qd2 Rfd8 14. Nf4 f5 15. h4
Rf8 16. b5 e5 17. Nfd5 Bxd5 18. Nxd5 Nxd5 19. exd5 f4 20. Bxd4 exd4 21. Kh2 Bh6
22. Qd1 fxg3+ 23. fxg3 Rxf1 24. Qxf1 Rf8 25. Qe2 Re8 26. Be4 Be3 27. Rf1 Kg7
28. Qf3 Qe7 29. Kg2 Ra8 30. Qg4 Rf8 31. Rxf8 Qxf8 32. Bf3 Qe7 33. Qe6 Qxe6 34.
dxe6 Kf6 35. Bd5 Bh6 36. Kf3 Bf8 37. Kg4 1/2-1/2

[Event "C.to Italiano di Categoria B"]
[Site "Civitanova Marche ITA"]
[Date "2012.07.16"]
[Round "2"]
[White "Fioravanti, Emidio"]
[Black "Iori, Massimiliano"]
[WhiteElo "1904"]
[BlackElo "1962"]
[Result "0-1"]
[PlyCount "166"]
[EventDate "2012.07.15"]

1. e4 e5 2. Bc4 Bc5 3. Nf3 d6 4. d3 Nf6 5. Bg5 O-O 6. Nc3 Bb4 7. O-O Bxc3 8.
bxc3 Qe7 9. Re1 h6 10. Bh4 Be6 11. Bb3 c5 12. c4 Nc6 13. c3 Na5 14. Ba4 Rfc8
15. h3 Rab8 16. Nh2 g5 17. Bg3 b6 18. Ng4 Nxg4 19. hxg4 a6 20. Bb3 b5 21. cxb5
axb5 22. Bd5 Bxd5 23. exd5 Qd7 24. f3 Qb7 25. d4 f6 26. dxe5 fxe5 27. Qd3 Qh7
28. Qe2 Qf7 29. Qe4 Qh7 30. Qe2 Rc7 31. Rad1 Ra7 32. Bf2 Nc4 33. Rb1 Qf7 34.
Red1 Qe8 35. Ra1 Rba8 36. Qc2 Qf8 37. Qb3 Qe8 38. Qb1 Ra3 39. Qc2 R8a5 40. Kh1
Qf7 41. Kg1 Qh7 42. Rdc1 Qxc2 43. Rxc2 Kf7 44. Kf1 Nb6 45. Rd1 Rxa2 46. Rxa2
Rxa2 47. Be1 Nc4 48. Bf2 Rc2 49. Ra1 Rxc3 50. Ra7+ Kf6 51. Ke2 Rc2+ 52. Ke1 Rd2
53. Rh7 Kg6 54. Re7 Rxd5 55. Re6+ Kg7 56. g3 b4 57. Re7+ Kf6 58. Rb7 Na5 59.
Rb5 Nc6 60. Rb6 Nd4 61. f4 exf4 62. gxf4 gxf4 63. Bh4+ Kg6 64. Kf2 Ne6 65. Be7
Ng5 66. Kf1 Nf7 67. Kg2 Rd3 68. Kf2 h5 69. gxh5+ Kxh5 70. Bf8 Kg6 71. Ke2 Re3+
72. Kd2 Re6 73. Ra6 Re8 74. Bxd6 Rd8 75. Kc2 Rxd6 76. Ra8 Rd5 77. Ra6+ Kf5 78.
Kb2 Ne5 79. Ra8 Ke4 80. Re8 f3 81. Rf8 f2 82. Kc2 Ke3 83. Kb3 Ke2 0-1

[Event "C.to Italiano di Categoria B"]
[Site "Civitanova Marche ITA"]
[Date "2012.07.16"]
[Round "2"]
[White "Gattafoni, Alessio"]
[Black "Pacilli, Emanuele"]
[WhiteElo "1985"]
[BlackElo "2168"]
[Result "1/2-1/2"]
[PlyCount "125"]
[EventDate "2012.07.15"]

1. e4 d5 2. exd5 Qxd5 3. Nc3 Qd6 4. Nf3 Nf6 5. Be2 a6 6. d3 b6 7. h3 h6 8. Be3
Bb7 9. Qd2 Nc6 10. O-O-O e5 11. Rhe1 O-O-O 12. Ne4 Nxe4 13. dxe4 Qe6 14. Qc3
Bb4 15. Qc4 Qxc4 16. Bxc4 Bxe1 17. Rxe1 Rd7 18. Bd5 Re8 19. Nh4 Na5 20. Bxb7+
Kxb7 21. Nf5 f6 22. b3 Nc6 23. c3 h5 24. Rd1 Rxd1+ 25. Kxd1 g6 26. Nh4 Ne7 27.
Ke2 Kc6 28. Nf3 b5 29. a3 a5 30. g3 Nc8 31. Nh4 Rg8 32. Kd3 Nd6 33. g4 a4 34.
bxa4 bxa4 35. g5 f5 36. exf5 gxf5 37. f4 e4+ 38. Kd4 Re8 39. c4 Rd8 40. c5 Nb5+
41. Ke5 Nxa3 42. Nxf5 Re8+ 43. Kf6 Nc2 44. Kf7 Nxe3 45. Nxe3 Ra8 46. g6 a3 47.
g7 a2 48. Nc2 e3 49. Nb4+ Kxc5 50. Nxa2 e2 51. Nc1 e1=N 52. g8=Q Rxg8 53. Kxg8
Kd5 54. Kf7 Ke4 55. Kg6 Kxf4 56. Kxh5 c5 57. Kg6 Ke3 58. h4 Ng2 59. h5 Nf4+ 60.
Kg5 Nxh5 61. Kxh5 c4 62. Na2 Kd2 63. Kg4 1/2-1/2

[Event "C.to Italiano di Categoria B"]
[Site "Civitanova Marche ITA"]
[Date "2012.07.16"]
[Round "2"]
[White "Guglielmi, Dante"]
[Black "Milazzo, Mario"]
[WhiteElo "1897"]
[BlackElo "2077"]
[Result "0-1"]
[PlyCount "80"]
[EventDate "2012.07.15"]

1. c4 f5 2. Nc3 Nf6 3. g3 g6 4. Bg2 Bg7 5. d4 d6 6. e3 c6 7. Nge2 O-O 8. O-O
Na6 9. Rb1 Nc7 10. b4 e5 11. b5 e4 12. f3 d5 13. bxc6 bxc6 14. cxd5 cxd5 15.
Qb3 Ba6 16. Re1 Bd3 17. Rb2 Kh8 18. Nf4 Bc4 19. Qa4 g5 20. Nh3 exf3 21. Bf1
Bxf1 22. Rxf1 Nd7 23. Nxg5 Nb6 24. Qc6 Rc8 25. h4 h6 26. Qg6 hxg5 27. hxg5 Qe8
28. Qd6 Qe6 29. Qf4 Qg6 30. Nb5 Ne6 31. Rh2+ Kg8 32. Qh4 a6 33. Nd6 Rc6 34. Ba3
Rc3 35. Bc1 Nxg5 36. Qh5 Qxh5 37. Rxh5 Ne4 38. Nxf5 Rxf5 39. Rxf5 Nxg3 40.
R5xf3 Ne2+ 0-1

[Event "C.to Italiano di Categoria B"]
[Site "Civitanova Marche ITA"]
[Date "2012.07.16"]
[Round "2"]
[White "Mastroddi, Emiliano"]
[Black "Sagripanti, Michele"]
[WhiteElo "2089"]
[BlackElo "1981"]
[Result "0-1"]
[PlyCount "86"]
[EventDate "2012.07.15"]

1. c4 e6 2. g3 d5 3. Bg2 Nf6 4. Nf3 dxc4 5. Qa4+ Bd7 6. Qxc4 Bc6 7. O-O Nbd7 8.
d3 Nb6 9. Qc2 Be7 10. Nc3 O-O 11. a3 Nfd5 12. Nxd5 exd5 13. Ne5 Be8 14. b3 f6
15. Nf3 c5 16. a4 Bf7 17. a5 Nd7 18. d4 Rc8 19. Qd1 c4 20. bxc4 dxc4 21. Nh4 b5
22. axb6 axb6 23. Nf5 b5 24. Ra7 b4 25. e3 Bg6 26. Bd5+ Kh8 27. Nxe7 Qxe7 28.
Qa4 Nb6 29. Qa6 Rc7 30. Rxc7 Qxc7 31. Bg2 c3 32. Qb5 Qd6 33. e4 Be8 34. Qd3 Qc7
35. Rd1 Qc4 36. Qe3 Ba4 37. Bf1 Qc7 38. Re1 b3 39. Ba3 Re8 40. Qd3 b2 41. Qb1
Nc4 42. Bxc4 Qxc4 43. Bxb2 Rb8 0-1

[Event "C.to Italiano di Categoria B"]
[Site "Civitanova Marche ITA"]
[Date "2012.07.16"]
[Round "2"]
[White "Monducci, Mirko"]
[Black "Giancotti, Eraldo"]
[WhiteElo "1918"]
[BlackElo "2062"]
[Result "1-0"]
[PlyCount "69"]
[EventDate "2012.07.15"]

1. d4 c5 2. e3 Nf6 3. c3 b6 4. Be2 Bb7 5. Bf3 Nc6 6. Ne2 g6 7. Nd2 Bg7 8. Rb1
O-O 9. O-O cxd4 10. exd4 d5 11. Re1 Re8 12. Nb3 Ne4 13. Nf4 e5 14. Nxd5 f5 15.
c4 exd4 16. Bf4 Rc8 17. Nd2 g5 18. Bxe4 fxe4 19. Bg3 Ne7 20. Nxe4 Nxd5 21. cxd5
Qxd5 22. f3 Red8 23. Rc1 Rxc1 24. Qxc1 h6 25. h4 d3 26. Rd1 g4 27. Qf4 gxf3 28.
gxf3 Rf8 29. Qg4 Bc8 30. Nf6+ Rxf6 31. Qxc8+ Kh7 32. Qg4 Rg6 33. Qf4 Be5 34.
Qf5 Bxg3 35. Qxd5 1-0

[Event "C.to Italiano di Categoria B"]
[Site "Civitanova Marche ITA"]
[Date "2012.07.16"]
[Round "2"]
[White "Renzi, Marco"]
[Black "Rinaudo, Andrea"]
[WhiteElo "1983"]
[BlackElo "2103"]
[Result "0-1"]
[PlyCount "118"]
[EventDate "2012.07.15"]

1. e4 c5 2. Nf3 Nc6 3. Bc4 Nf6 4. e5 d5 5. exf6 dxc4 6. fxg7 Bxg7 7. Nc3 Bg4 8.
h3 Bh5 9. g4 Bg6 10. Nh4 Nd4 11. Nxg6 hxg6 12. d3 Qb6 13. dxc4 O-O-O 14. Nd5
Qe6+ 15. Be3 Qe4 16. Kd2 e6 17. Ne7+ Kb8 18. Kc1 Nb3+ 19. axb3 Rxd1+ 20. Rxd1
Qe5 21. Ra2 Qc7 22. Nd5 exd5 23. cxd5 Bd4 24. Ra4 Bxe3+ 25. fxe3 Rxh3 26. d6
Qd7 27. Re4 Rf3 28. Re7 Qd8 29. d7 Qxe7 30. d8=Q+ Qxd8 31. Rxd8+ Kc7 32. Rf8
Rf2 33. g5 Kc6 34. Rd8 Rg2 35. Rf8 Rxg5 36. Rxf7 Rg2 37. Kd1 g5 38. e4 g4 39.
Rf6+ Kd7 40. Rg6 g3 41. Rg7+ Ke6 42. Rxb7 Rf2 43. Ke1 Rxc2 44. Kf1 Rxb2 45. Rb5
Rc2 46. Ra5 Rc3 47. Kg2 Kd6 48. e5+ Ke6 49. Kh3 Kf5 50. Kg2 a6 51. Rxa6 Kxe5
52. Rb6 Kd5 53. b4 c4 54. Rh6 Rb3 55. Rh5+ Kd4 56. b5 c3 57. Rh8 c2 58. Rd8+
Kc3 59. Rc8+ Kb2 0-1

[Event "C.to Italiano di Categoria B"]
[Site "Civitanova Marche ITA"]
[Date "2012.07.16"]
[Round "2"]
[White "Rinaudo, Sergio"]
[Black "Forlano, Luigi"]
[WhiteElo "2154"]
[BlackElo "1958"]
[Result "0-1"]
[PlyCount "62"]
[EventDate "2012.07.15"]

1. d4 Nf6 2. Nf3 e6 3. c4 b6 4. e3 Bb7 5. Bd3 d5 6. O-O Be7 7. Nc3 O-O 8. Qc2
dxc4 9. Bxc4 c5 10. Qe2 Nc6 11. Rd1 cxd4 12. exd4 Nb4 13. Ne5 Nbd5 14. Bd2 a6
15. Rac1 b5 16. Nxd5 Nxd5 17. Bd3 Qd6 18. Qe4 g6 19. Bh6 f5 20. Qf3 Rfc8 21.
Qg3 Rxc1 22. Rxc1 Bf8 23. Bxf8 Rxf8 24. h4 Nf6 25. Qg5 Qd8 26. Be2 Ne4 27. Qe3
Qxh4 28. Rc7 f4 29. Qf3 Ng3 30. fxg3 fxg3 31. Qxf8+ Kxf8 0-1

[Event "C.to Italiano di Categoria B"]
[Site "Civitanova Marche ITA"]
[Date "2012.07.16"]
[Round "2"]
[White "Rorato, Renzo"]
[Black "Pierantozzi, Stanislao"]
[WhiteElo "2053"]
[BlackElo "1986"]
[Result "1-0"]
[PlyCount "113"]
[EventDate "2012.07.15"]

1. Nf3 Nf6 2. c4 c5 3. Nc3 Nc6 4. g3 e5 5. Bg2 d6 6. O-O Be7 7. e3 Be6 8. b3
O-O 9. d4 Bg4 10. d5 Nb4 11. e4 Qd7 12. a3 Na6 13. Qc2 Bh3 14. Ng5 Bxg2 15.
Kxg2 h6 16. Nh3 Ng4 17. f3 Nf6 18. Be3 Nc7 19. Qd3 Rab8 20. b4 b6 21. b5 Nce8
22. a4 Nh5 23. a5 Nef6 24. Ra2 g5 25. Nf2 Kh7 26. h3 Ng8 27. Rfa1 bxa5 28. Rxa5
Rb7 29. Kh2 Bd8 30. R5a2 Ng7 31. g4 Ne7 32. Ne2 Ng6 33. Ng3 Nf4 34. Qc2 Ne8 35.
Nf5 Nf6 36. h4 Rh8 37. Rh1 Kg8 38. Qc1 Ne8 39. hxg5 Bxg5 40. Nh3 Nxh3 41. Kxh3
f6 42. Kg3 Bxe3 43. Qxe3 h5 44. Rah2 Ng7 45. Nxg7 Qxg7 46. Rxh5 Rxh5 47. Rxh5
a6 48. bxa6 Rb6 49. f4 exf4+ 50. Qxf4 Rxa6 51. Qf5 Ra3+ 52. Kh4 Ra7 53. Qc8+
Kf7 54. Qe6+ Kf8 55. Qxd6+ Qe7 56. Qb8+ Kg7 57. Qh8+ 1-0

[Event "C.to Italiano di Categoria B"]
[Site "Civitanova Marche ITA"]
[Date "2012.07.16"]
[Round "2"]
[White "Santeramo, Domenico"]
[Black "Spornberger, Andre"]
[WhiteElo "2042"]
[BlackElo "1982"]
[Result "1/2-1/2"]
[PlyCount "120"]
[EventDate "2012.07.15"]

1. e4 d5 2. exd5 Nf6 3. d4 Nxd5 4. c4 Nb6 5. Nf3 g6 6. Nc3 Bg7 7. c5 Nd5 8. Bc4
Nxc3 9. bxc3 O-O 10. O-O Nc6 11. Re1 Bg4 12. Bg5 h6 13. Bh4 g5 14. Bg3 e5 15.
Bxe5 Nxe5 16. dxe5 Qe7 17. Qd5 Rad8 18. Qe4 Bxf3 19. Qxf3 Qxc5 20. Qe4 Bxe5 21.
Bb3 Rd2 22. Re3 Bg7 23. Qxb7 Kh8 24. h4 g4 25. Qe4 g3 26. Rxg3 Qxf2+ 27. Kh2
Re2 28. Qc6 Qf4 29. Qf3 Be5 30. Qxe2 Qxg3+ 31. Kg1 Rg8 32. Qf2 Qh2+ 33. Kf1 Rg4
34. Bd5 Bxc3 35. Rd1 Qxh4 36. Qxh4 Rxh4 37. Rd3 Rf4+ 38. Ke2 Ba5 39. Ke3 Rf5
40. g4 Bb6+ 41. Ke4 Rf1 42. Ke5 Kg7 43. Rf3 f6+ 44. Kf5 Re1 45. Be4 Rc1 46. Rd3
Rc5+ 47. Rd5 Rxd5+ 48. Bxd5 Be3 49. Bc4 Bg5 50. Bb3 Kf8 51. Ke6 Ke8 52. Ba4+
Kd8 53. Bc6 Kc8 54. a4 a5 55. Kd5 Kb8 56. Kc4 Bd2 57. Kd5 Ka7 58. Kc5 Be1 59.
Bd7 Bb4+ 60. Kc6 Bd6 1/2-1/2

[Event "C.to Italiano di Categoria B"]
[Site "Civitanova Marche ITA"]
[Date "2012.07.16"]
[Round "2"]
[White "Tardelli, Andrea"]
[Black "Raselli, Claudio"]
[WhiteElo "1736"]
[BlackElo "1890"]
[Result "1/2-1/2"]
[PlyCount "41"]
[EventDate "2012.07.15"]

1. e4 d5 2. exd5 Qxd5 3. Nc3 Qe5+ 4. Qe2 Qxe2+ 5. Bxe2 Nf6 6. d4 Bf5 7. Nb5 Na6
8. c3 c6 9. Na3 Nc7 10. Nc4 e6 11. Bf4 O-O-O 12. Bxc7 Kxc7 13. Ne5 Bg6 14. h4
h5 15. Nxg6 fxg6 16. Bd3 e5 17. Ne2 exd4 18. Nxd4 Re8+ 19. Kd2 Ne4+ 20. Bxe4
Rxe4 21. f3 1/2-1/2

[Event "C.to Italiano di Categoria B"]
[Site "Civitanova Marche ITA"]
[Date "2012.07.16"]
[Round "2"]
[White "Vesce, Emanuele"]
[Black "Faraoni, Enrico"]
[WhiteElo "1872"]
[BlackElo "2093"]
[Result "1/2-1/2"]
[PlyCount "151"]
[EventDate "2012.07.15"]

1. e4 c5 2. Nf3 Nc6 3. c3 e6 4. d4 d5 5. exd5 exd5 6. Bb5 Bd6 7. O-O Nge7 8.
dxc5 Bxc5 9. Nbd2 O-O 10. Nb3 Bb6 11. Nbd4 h6 12. Ba4 Bg4 13. Qd3 Bh5 14. Bf4
g5 15. Bg3 Bg6 16. Qd2 Be4 17. h4 f6 18. Ne6 Qd7 19. Nxf8 Rxf8 20. Nd4 gxh4 21.
Bxh4 Qg4 22. Bg3 Nxd4 23. cxd4 Nf5 24. Bd7 h5 25. Bxf5 Bxf5 26. Qf4 Bxd4 27.
Rad1 Bxb2 28. Qxg4+ Bxg4 29. Rxd5 Rf7 30. f3 Be6 31. Rd2 Bc3 32. Rc2 Bd4+ 33.
Bf2 Bxf2+ 34. Kxf2 b5 35. Rd2 Kg7 36. Rfd1 a5 37. Re1 Bc4 38. Rc1 a4 39. a3 Kg6
40. Rcd1 Bb3 41. Rc1 Bc4 42. Rd4 Rc7 43. Kg3 Rc5 44. Rd8 Re5 45. Rc3 Re2 46.
Kf4 Ra2 47. g3 Bb3 48. Rb8 Bc4 49. Rc8 Bb3 50. Rb8 Rxa3 51. Rxb5 Ra2 52. Rbxb3
axb3 53. Rxb3 Ra4+ 54. Ke3 Kg5 55. Rd3 f5 56. Kf2 Ra2+ 57. Kf1 h4 58. gxh4+
Kxh4 59. Rd5 f4 60. Rd8 Kg3 61. Rh8 Kxf3 62. Rh3+ Ke4 63. Rb3 Kf5 64. Rb5+ Kg4
65. Rb3 Rc2 66. Ra3 Rd2 67. Rb3 Kf5 68. Rb5+ Ke4 69. Rb4+ Ke3 70. Rb3+ Rd3 71.
Rxd3+ Kxd3 72. Kf2 Ke4 73. Ke2 f3+ 74. Kf2 Kf4 75. Kf1 Ke3 76. Ke1 1/2-1/2

[Event "C.to Italiano di Categoria B"]
[Site "Civitanova Marche ITA"]
[Date "2012.07.17"]
[Round "3"]
[White "Bossoni, Mario"]
[Black "Bellincampi, Stefano"]
[WhiteElo "1919"]
[BlackElo "2069"]
[Result "1/2-1/2"]
[PlyCount "55"]
[EventDate "2012.07.15"]

1. e4 c5 2. d4 cxd4 3. c3 Nf6 4. e5 Nd5 5. Nf3 Nc6 6. cxd4 d6 7. Bc4 Nb6 8. Bb5
Bd7 9. exd6 e6 10. Nc3 Bxd6 11. O-O Ne7 12. Bd3 Bc6 13. Qe2 a6 14. Rd1 Qc7 15.
Ne4 Rc8 16. Bg5 h6 17. Bh4 O-O 18. Rac1 Bf4 19. Bg3 Ned5 20. Bb1 Qe7 21. Bxf4
Nxf4 22. Qd2 Ng6 23. Ne5 Nxe5 24. dxe5 Bxe4 25. Bxe4 Rxc1 26. Rxc1 Rd8 27. Qe2
Nd5 28. g3 1/2-1/2

[Event "C.to Italiano di Categoria B"]
[Site "Civitanova Marche ITA"]
[Date "2012.07.17"]
[Round "3"]
[White "Brioschi, Camillo"]
[Black "Fratini, Mauro"]
[WhiteElo "1836"]
[BlackElo "1862"]
[Result "1-0"]
[PlyCount "44"]
[EventDate "2012.07.15"]

1. d4 Nf6 2. c4 e6 3. Nc3 d5 4. cxd5 exd5 5. Bg5 Be7 6. e3 c6 7. Qc2 Qb6 8. Bd3
Be6 9. Nf3 Nbd7 10. O-O h6 11. Bh4 Bg4 12. Nd2 g5 13. Bg3 Nh5 14. Nb3 Nxg3 15.
hxg3 Be6 16. e4 dxe4 17. Nxe4 Bxb3 18. axb3 Qxd4 19. Bc4 Ne5 20. Rad1 Qb6 21.
Nd6+ Bxd6 22. Rxd6 Ke7 1-0

[Event "C.to Italiano di Categoria B"]
[Site "Civitanova Marche ITA"]
[Date "2012.07.17"]
[Round "3"]
[White "Brociner, Beniamino"]
[Black "Biancarelli, Renato"]
[WhiteElo "1961"]
[BlackElo "1520"]
[Result "1-0"]
[PlyCount "61"]
[EventDate "2012.07.15"]

1. Nf3 f5 2. g3 Nf6 3. Bg2 g6 4. O-O Bg7 5. d4 d6 6. c4 O-O 7. Nc3 Qe8 8. Bg5
c6 9. Bxf6 Bxf6 10. e4 Na6 11. e5 dxe5 12. Nxe5 Bxe5 13. dxe5 Qf7 14. b3 f4 15.
Qf3 Be6 16. Qxf4 Qxf4 17. gxf4 Rxf4 18. Ne2 Rff8 19. Nd4 Nc7 20. Rad1 Rad8 21.
h3 Bc8 22. Kh2 Ne6 23. Nxe6 Bxe6 24. Kg3 Bf5 25. f4 Bc2 26. Rc1 Rd2 27. Rf2
Rfd8 28. Rxc2 R8d3+ 29. Bf3 Rd1 30. Kg2 Kf7 31. Bxd1 1-0

[Event "C.to Italiano di Categoria B"]
[Site "Civitanova Marche ITA"]
[Date "2012.07.17"]
[Round "3"]
[White "Buriani, Andrea"]
[Black "Andrenelli, Adriano"]
[WhiteElo "2174"]
[BlackElo "1934"]
[Result "1-0"]
[PlyCount "51"]
[EventDate "2012.07.15"]

1. d4 Nf6 2. Nf3 d6 3. Nbd2 Nbd7 4. e4 e5 5. Bd3 Be7 6. c3 O-O 7. O-O Re8 8.
Re1 Bf8 9. a4 c5 10. dxe5 dxe5 11. Nc4 h6 12. Qe2 Qc7 13. Be3 b6 14. Rad1 Bb7
15. Bc1 Bc6 16. Qc2 a6 17. Ne3 Qb7 18. Nf5 c4 19. Bxc4 Nc5 20. Nd6 Bxd6 21.
Rxd6 Bxe4 22. Qd1 Bxf3 23. gxf3 b5 24. axb5 axb5 25. Bd5 Nxd5 26. Qxd5 1-0

[Event "C.to Italiano di Categoria B"]
[Site "Civitanova Marche ITA"]
[Date "2012.07.17"]
[Round "3"]
[White "Coqueraut, Jean Dominique"]
[Black "Renzi, Marco"]
[WhiteElo "1809"]
[BlackElo "1983"]
[Result "0-1"]
[PlyCount "94"]
[EventDate "2012.07.15"]

1. d4 d5 2. c4 c6 3. Nc3 Bf5 4. cxd5 cxd5 5. Qb3 e6 6. Qxb7 Nd7 7. e3 Ngf6 8.
Bb5 Bd6 9. Bxd7+ Nxd7 10. Qc6 Bb4 11. Nf3 Rc8 12. Qa4 Bxc3+ 13. bxc3 Rxc3 14.
Ne5 f6 15. Nxd7 Qxd7 16. Qxd7+ Kxd7 17. O-O Rb8 18. h3 Rb5 19. Re1 Rc2 20. a4
Rb4 21. a5 Rb3 22. Ba3 Rd2 23. Rec1 a6 24. Bc5 Rbb2 25. Bb6 Bc2 26. f3 Ke8 27.
Ra3 Kf7 28. Kh2 Bd1 29. Rc7+ Kg6 30. Kg3 Rxg2+ 31. Kf4 Bxf3 32. e4 Bxe4 33.
Rg3+ Rxg3 34. Kxg3 Rg2+ 35. Kf4 Rf2+ 36. Ke3 Rf3+ 37. Kd2 Rd3+ 38. Ke2 Rxh3 39.
Bc5 Rh2+ 40. Ke3 Rg2 41. Rc6 Kf5 42. Rxa6 g5 43. Ra8 Kg4 44. a6 Ra2 45. a7 f5
46. Rf8 f4+ 47. Rxf4+ gxf4# 0-1

[Event "C.to Italiano di Categoria B"]
[Site "Civitanova Marche ITA"]
[Date "2012.07.17"]
[Round "3"]
[White "Distaso, Antonio"]
[Black "Fioravanti, Emidio"]
[WhiteElo "2040"]
[BlackElo "1904"]
[Result "1-0"]
[PlyCount "65"]
[EventDate "2012.07.15"]

1. e4 e5 2. Nf3 Nc6 3. Bb5 Nf6 4. Qe2 d6 5. h3 Bd7 6. O-O Be7 7. c3 O-O 8. d4
a6 9. Bc4 exd4 10. cxd4 Na5 11. Bd3 Ne8 12. Re1 Nc6 13. Nc3 Qc8 14. Bf4 f6 15.
Bh2 g6 16. Rac1 Ng7 17. Nd5 Re8 18. Bc4 Kh8 19. Bb3 Bd8 20. Qd2 g5 21. e5 dxe5
22. dxe5 f5 23. Nf6 Bxf6 24. exf6 Rxe1+ 25. Rxe1 Ne6 26. Ne5 Ncd4 27. Bxe6 Nxe6
28. Nxd7 Qg8 29. Qc3 Qf7 30. Rxe6 Rd8 31. Re7 Qg6 32. f7+ Qg7 33. Re8+ 1-0

[Event "C.to Italiano di Categoria B"]
[Site "Civitanova Marche ITA"]
[Date "2012.07.17"]
[Round "3"]
[White "Faraoni, Enrico"]
[Black "Guglielmi, Dante"]
[WhiteElo "2093"]
[BlackElo "1897"]
[Result "0-1"]
[PlyCount "76"]
[EventDate "2012.07.15"]

1. e4 c5 2. Nf3 d6 3. c3 Nf6 4. Be2 Nc6 5. d3 g6 6. h3 Bg7 7. Nbd2 O-O 8. Nf1
b5 9. g4 b4 10. Ng3 bxc3 11. bxc3 Rb8 12. Rg1 Qa5 13. Bd2 Rb2 14. Qc1 Rxa2 15.
Rxa2 Qxa2 16. Kf1 Be6 17. Kg2 Rb8 18. Bh6 Qb2 19. Bxg7 Qxc1 20. Rxc1 Kxg7 21.
d4 Bd7 22. g5 Ne8 23. Ra1 Rb7 24. e5 f5 25. gxf6+ exf6 26. Bc4 dxe5 27. dxe5
Nxe5 28. Nxe5 fxe5 29. Ne4 Bc6 30. f3 Bxe4 31. fxe4 Nf6 32. Kf3 Nh5 33. Ra6 Nf4
34. h4 Rc7 35. Bd5 Kh6 36. Bg8 Kh5 37. Ra2 Kxh4 38. Rh2+ Kg5 0-1

[Event "C.to Italiano di Categoria B"]
[Site "Civitanova Marche ITA"]
[Date "2012.07.17"]
[Round "3"]
[White "Gaglianese, Marco"]
[Black "Benaglia, Giovanni"]
[WhiteElo "1724"]
[BlackElo "1980"]
[Result "0-1"]
[PlyCount "78"]
[EventDate "2012.07.15"]

1. d4 e6 2. Bf4 b6 3. e3 Bb7 4. Nf3 d6 5. Nbd2 Nd7 6. Bb5 a6 7. Bd3 g6 8. e4
Bg7 9. c3 Ne7 10. Qe2 h6 11. h4 Nf6 12. e5 Nfd5 13. Bh2 Nf5 14. O-O-O b5 15.
Be4 Rb8 16. g4 Nfe7 17. Kb1 Nb6 18. exd6 cxd6 19. g5 Bxe4+ 20. Nxe4 Nf5 21.
gxh6 Rxh6 22. Bf4 Rh8 23. Neg5 Qc8 24. d5 Qc4 25. Qxc4 bxc4 26. dxe6 Na4 27.
exf7+ Kd7 28. Ne5+ Kc8 29. Nxc4 Nxc3+ 30. Kc1 Ne2+ 31. Kb1 Nxf4 32. b3 Kd7 33.
Ne3 Nd4 34. Nc2 Nxb3 35. axb3 Rxb3+ 36. Kc1 Rc8 37. Ne4 Rxc2+ 38. Kxc2 Rb2+ 39.
Kc1 Ne2# 0-1

[Event "C.to Italiano di Categoria B"]
[Site "Civitanova Marche ITA"]
[Date "2012.07.17"]
[Round "3"]
[White "Giancotti, Eraldo"]
[Black "Rinaudo, Sergio"]
[WhiteElo "2062"]
[BlackElo "2154"]
[Result "1-0"]
[PlyCount "71"]
[EventDate "2012.07.15"]

1. g3 d5 2. c4 dxc4 3. Bg2 Nf6 4. Qa4+ Bd7 5. Qxc4 Bc6 6. Nf3 e6 7. O-O Be7 8.
d4 O-O 9. Nc3 Nbd7 10. Qd3 h6 11. e4 Nc5 12. Qe3 Ncxe4 13. Ne5 Nxc3 14. Nxc6
bxc6 15. Qxc3 Nd5 16. Qxc6 Bf6 17. Rd1 Rb8 18. Qc2 Rb4 19. Qc5 Qb8 20. b3 Rb5
21. Qc2 c5 22. Bb2 Rc8 23. Rdc1 Bg5 24. f4 Nxf4 25. gxf4 Bxf4 26. Bf1 Be3+ 27.
Kh1 Bxc1 28. Rxc1 Ra5 29. Qc3 Rxa2 30. dxc5 f6 31. c6 Rxc6 32. Qxc6 Kf7 33.
Qd7+ Kg6 34. Bd3+ Kh5 35. Qf7+ Kh4 36. Rc4+ 1-0

[Event "C.to Italiano di Categoria B"]
[Site "Civitanova Marche ITA"]
[Date "2012.07.17"]
[Round "3"]
[White "Iori, Massimiliano"]
[Black "Rorato, Renzo"]
[WhiteElo "1962"]
[BlackElo "2053"]
[Result "1/2-1/2"]
[PlyCount "78"]
[EventDate "2012.07.15"]

1. d4 d5 2. Bf4 Nf6 3. e3 c5 4. c3 Qb6 5. Qb3 c4 6. Qc2 g6 7. Nd2 Bf5 8. Qc1
Nbd7 9. Be2 h6 10. Ngf3 Bg7 11. Ne5 g5 12. Bg3 Rc8 13. h3 Qe6 14. Qd1 Qb6 15.
Qc1 Qe6 16. b3 cxb3 17. axb3 Ne4 18. Nxe4 Bxe4 19. Bg4 Bf5 20. Bxf5 Qxf5 21.
Nxd7 Qxd7 22. O-O b5 23. Ra5 O-O 24. Qa3 e5 25. dxe5 Rxc3 26. Qb4 Rfc8 27. Qxb5
Qxb5 28. Rxb5 R3c5 29. Rxc5 Rxc5 30. Rd1 Kh7 31. b4 Rb5 32. Ra1 Rxb4 33. Rxa7
Kg6 34. Ra5 d4 35. exd4 Rxd4 36. Ra6+ Kf5 37. Ra7 Kg6 38. e6 Rd1+ 39. Kh2 fxe6
1/2-1/2

[Event "C.to Italiano di Categoria B"]
[Site "Civitanova Marche ITA"]
[Date "2012.07.17"]
[Round "3"]
[White "Miandro, Roberto"]
[Black "De Grandi, Samuele"]
[WhiteElo "2093"]
[BlackElo "1655"]
[Result "1/2-1/2"]
[PlyCount "128"]
[EventDate "2012.07.15"]

1. c4 g6 2. Nc3 Bg7 3. g3 c5 4. Bg2 Nc6 5. Nf3 e5 6. e3 Nge7 7. O-O a6 8. Nd5
d6 9. h3 O-O 10. e4 f5 11. exf5 Bxf5 12. d3 Rb8 13. Nh4 Be6 14. Bg5 Qd7 15. Kh2
b5 16. b3 Bxd5 17. cxd5 Nd4 18. Rc1 Bf6 19. Bh6 Bg7 20. Be3 Ndf5 21. Nxf5 Nxf5
22. Qd2 b4 23. Be4 Nxe3 24. Qxe3 Rf6 25. Ra1 Qc8 26. Kg2 a5 27. Rac1 Qe8 28.
Rc2 a4 29. Rb1 Ra8 30. Re2 axb3 31. axb3 Ra3 32. Qd2 Qa8 33. Rb2 Rf7 34. h4 Qd8
35. Re1 Rfa7 36. Qe2 Ra1 37. Rxa1 Rxa1 38. Ra2 Rxa2 39. Qxa2 Qe7 40. Qa8+ Qf8
41. Qb7 Qf7 42. Qb8+ Bf8 43. Kg1 Qe7 44. Kg2 Kg7 45. Qc8 Qf6 46. Qg4 Be7 47.
Qd7 h6 48. Qe8 g5 49. h5 Qf7 50. Qd7 Bf8 51. Qg4 Be7 52. Kf1 Qf6 53. Qd7 Qf7
54. Kg1 Bf8 55. Qg4 Be7 56. Qh3 Qf6 57. Qd7 Qf7 58. Bg6 Qf8 59. Kg2 Qf6 60. Bf5
Qf8 61. g4 Qf7 62. Be6 Qf8 63. Bf5 Qf7 64. Kg1 Qf8 1/2-1/2